टेबल टेनिस सीखें/ (Record no. 30573)

MARC details
000 -LEADER
fixed length control field 00963 aa a2200217 4500
005 - DATE AND TIME OF LATEST TRANSACTION
control field 20171226115030.0
010 ## - LCCN (DPL NO)
LC control number HIN-87959
020 ## - INTERNATIONAL STANDARD BOOK NUMBER
International Standard Book Number 8178793598
Terms of availability 95.00
035 ## - SYSTEM CONTROL NUMBER
System control number HN-60305
037 ## - SOURCE OF ACQUISITION
Source of stock number/acquisition DBAD / PUB
082 ## - DEWEY DECIMAL CLASSIFICATION NUMBER
Classification number 796.346
100 ## - MAIN ENTRY--PERSONAL NAME
Personal name थानी,योगराज
245 ## - TITLE STATEMENT
Title टेबल टेनिस सीखें/
Statement of responsibility, etc योगराज थानी
246 ## - VARYING FORM OF TITLE
Title proper/short title Table tenis seekhen
Remainder of title by Yograj Thani
260 ## - PUBLICATION, DISTRIBUTION, ETC. (IMPRINT)
Place of publication, distribution, etc नई दिल्ली
Name of publisher, distributor, etc स्पोर्टस पब्लिकेशन
Date of publication, distribution, etc 2009
270 ## - ADDRESS
Address 7/26, (ग्राउंड फ्लोर) अंसारी रोड,दरियागंज
City नई दिल्ली
Postal code 110002
Telephone number (ऑ)65749511(नि.)27562163(मो.)9868028838
Electronic mail address lakshaythani@hotmail.com
300 ## - PHYSICAL DESCRIPTION
Extent 63पृ
Dimensions 22सेमी(सजिल्द)
650 ## - SUBJECT ADDED ENTRY--TOPICAL TERM
Topical term or geographic name as entry element टेबल टेनिस
650 ## - SUBJECT ADDED ENTRY--TOPICAL TERM
Topical term or geographic name as entry element Table tennis
942 ## - ADDED ENTRY ELEMENTS (KOHA)
Institution code [OBSOLETE] dpl
Item type Hindi Books
Source of classification or shelving scheme Dewey Decimal Classification
Classification part 796.346
Call number suffix थानीयो
Holdings
Withdrawn status Lost status Not for loan Home library Current library Date acquired Source of acquisition Cost, normal purchase price Full call number Barcode Copy number Cost, replacement price Koha item type
    Not For Loan D.B.Act.Division D.B.Act.Division 22/09/2009 DBAD / PUB 95.00 796.346 थानीयो HN-60305 1 95.00 Hindi Books

© Delhi Public Library
Hit Counter
free hit counter